Sąsiedzi II Rzeczpospolitej - Nagła śmierć - Statystyki

Ogólne statystyki
  • Ten quiz został rozwiązany 40 razy
  • Średni wynik to 4 z 7
Answers on the Grid
Answers color-coded by a green-red scale on the quiz's grid according to % correct below.
ZSRR
Litwa
Łotwa
Rumunia
Mołdawia
Francja
Niemcy Wschodnie
Niemcy Zachodnie
III Rzesza
Czechosłowacja
Czechy
Słowacja
Wolne Miasto Gdańsk
Rzeczpospolita Krakowska
Dania
Węgry
Austria
Estonia
Białoruś
Ruś Kijowska
Siedmiogród
 
Statystyki odpowiedzi
Odpowiedź % Poprawnych
III Rzesza
67%
ZSRR
63%
Czechosłowacja
58%
Litwa
58%
Wolne Miasto Gdańsk
58%
Łotwa
50%
Rumunia
50%
Nie znaleziono quizów pasujących do podanych kryteriów
Rozkład punktacji
Procent ludzi z każdym wynikiem
Percentyl według liczby udzielonych odpowiedzi
Twoja historia wyników
Nie rozwiązałeś tego quizu